Kings of Portugal - Statistics

General Stats
  • This quiz has been taken 407 times
  • The average score is 31 of 37
Answer Stats
Reign King % Correct
1385 - 1433 João I
94%
1481 - 1495 João II
94%
1521 - 1557 João III
94%
1640 - 1656 João IV
94%
1706 - 1750 João V
94%
1816 - 1826 João VI
94%
1357 - 1367 Pedro I
89%
1683 - 1706 Pedro II
89%
1777 - 1786 Pedro III
89%
1826 Pedro IV
89%
1853 - 1861 Pedro V
89%
1581 - 1598 Filipe I
88%
1598 - 1621 Filipe II
88%
1621 - 1640 Filipe III
88%
1889 - 1908 Carlos I
84%
1495 - 1521 Manuel I
83%
1908 - 1910 Manuel II
83%
1777 - 1816 Maria I
81%
1826 - 1828 Maria II
81%
1834 - 1853 Maria II
81%
1139 - 1185 Afonso I
80%
1212 - 1223 Afonso II
80%
1248 - 1279 Afonso III
80%
1325 - 1357 Afonso IV
80%
1438 - 1481 Afonso V
80%
1656 - 1683 Afonso VI
80%
1578 - 1580 Henrique I
80%
1367 - 1383 Fernando I
78%
1837 - 1853 Fernando II
78%
1861 - 1889 Luís I
78%
1828 - 1834 Miguel I
73%
1750 - 1777 José I
71%
1279 - 1325 Dinis I
70%
1185 - 1212 Sancho I
70%
1223 - 1247 Sancho II
70%
1433 - 1438 Duarte I
69%
1557 - 1578 Sebastião I
69%
No matching quizzes found
Score Distribution
Percent of People with Each Score
Percentile by Number Answered
Your Score History
You have not taken this quiz